Handbook of social problems: a comparative international perspective (Record no. 3611)

MARC details
000 -LEADER
fixed length control field 00477nam a2200157Ia 4500
020 ## - INTERNATIONAL STANDARD BOOK NUMBER
ISBN 0-7619-2610-0
082 ## - DEWEY DECIMAL CLASSIFICATION NUMBER
Classification number RR 361.1 HAN;
245 #0 - TITLE STATEMENT
Title Handbook of social problems: a comparative international perspective
260 ## - PUBLICATION, DISTRIBUTION, ETC. (IMPRINT)
Place of publication Thousand Oaks
Name of publisher Sage Publications
Year of publication 2004
300 ## - PHYSICAL DESCRIPTION
Number of Pages xi, 687p.
504 ## - BIBLIOGRAPHY, ETC. NOTE
Bibliography, etc Includes index
650 ## - SUBJECT ADDED ENTRY--TOPICAL TERM
Topical Term Social problems - Handbooks, manuals, etc.
650 ## - SUBJECT ADDED ENTRY--TOPICAL TERM
Topical Term Social history - Handbooks, manuals, etc.
700 ## - ADDED ENTRY--PERSONAL NAME
Personal name Ritzer, George
942 ## - ADDED ENTRY ELEMENTS (KOHA)
Koha item type Books
Holdings
Withdrawn status Lost status Damaged status Not for loan Home library Current library Date acquired Bill Date Full call number Accession Number Price effective from Koha item type
        NASSDOC Library NASSDOC Library 09/09/2004 2004-10-05 RR 361.1 HAN; 39796 18/04/2019 Books